000 01293nam a22002777a 4500
005 20170725113202.0
010 _aBAC-EN21 ENG-111951
020 _a9781476763330
_c699.00
035 _aEN-95483
035 _aB-580717-730
035 _aB-667339
037 _adpl
_bAakar/Ven
037 _bDBAD/PUB
082 _a330.954
245 _aReimagining India :
_bunlocking the potential of Asia's next superpower /
_cedited by Clay Chandler [and] Adil Zainulbhai
260 _aNew Delhi
_bSimon & Schuster
_c2013
270 _a1230 Avenue of the Americas
_bNew York
_e10020
300 _axxv,400p. :
_bcol. ill., col. maps
_c24cm(Hb)
520 _a "From the world’s premier management consultancy McKinsey & Company, a comprehensive collection of essays by the brightest experts on what the new global elite needs to know about modern India"-- |c Provided by publisher.
650 _a Economic development
_zIndia.
700 _aChandler, Clay
_d1960-
700 _aZainulbhai, Adil
942 _2ddc
_cEN
_mREI
_h330.954
999 _c89052
_d89052